000 00707nam a2200253Ia 4500
003 OSt
005 20220926024442.0
006 a|||||r|||| 00| 0
007 ta
008 220923b |||||||| |||| 00| 0 eng d
020 _a0631177493
037 _cGeneral Book
040 _aRTL
_cRTL
_beng
041 _2eng
_aeng
082 _aX:57-515, N0
100 _aKenyon Alfred
_9330733
245 0 _aCurrency risk and business management.
260 _aOxford
_bBasiol Blackwell
_c1990
300 _avi, 260p. Bibliography: P 247-50.
_ccm.
650 _a Foreign Exchange
650 _aEconomics
942 _hX:57-515, N0
_cGB
_2CC
999 _c644278
_d644278